Movies Quiz

Random Movies or Halloween Quiz
Score 0/24 Timer 08:00
30 Plays Today
% Correct
Scream
98.7%
A Nightmare on Elm Street
89.3%
The Exorcist
87.3%
The Ring
87.3%
The Shining
85.3%
Carrie
84.1%
Paranormal Activity
82.8%
Saw
78.9%
The Blair Witch Project
76.7%
Psycho
76.5%
Poltergeist
72.6%
Halloween
72%
% Correct
The Omen
70.4%
The Cabin in the Woods
69.4%
28 Days Later
61.1%
The Mist
59.1%
Nosferatu
57.1%
The Thing
56.3%
Rosemary's Baby
51.7%
The Texas Chainsaw Massacre
47.5%
Evil Dead II
44.9%
Jeepers Creepers
43.4%
The Descent
43.1%
Hostel
22.7%
Remove Ads.
Support Sporcle.
Get the best of Sporcle when you Go Orange. This ad-free experience offers more features, more stats, and more fun while also helping to support Sporcle. Thank you for becoming a member.

You're not logged in!

Compare scores with friends on all Sporcle quizzes.
OR
Log In

Show Comments

Extras

Top Quizzes Today


Score Distribution

Your Account Isn't Verified!

In order to create a playlist on Sporcle, you need to verify the email address you used during registration. Go to your Sporcle Settings to finish the process.

Report this User

Report this user for behavior that violates our Community Guidelines.

Details: